| 000 | 01018cab a22001935a 4500 | ||
|---|---|---|---|
| 001 | L153768 | ||
| 008 | 110830e20110819xxk 000 0 eng d | ||
| 035 | _a(Sirsi) u153768 | ||
| 041 | 0 | _aeng | |
| 110 | 2 |
_aProperty Week _91549 |
|
| 245 | 0 | 0 | _aShed take-up 'subdued' and not a patch on 2010 |
| 260 | _c2011 | ||
| 490 | 0 |
_aProperty Week _v77(33) 19 August 2011, 30(1) |
|
| 520 | _aTake-up of large industrial space (50 000 sq ft and above) has returned from the burst of transactions in H2 2010 to more subdued levels in H1 2011 according to Gerald Eve's latest "Prime Logistics Bulletin". The drivers of activity in 2011 have been natural expansion, consolidation and lease events. Demand rose to 8.5m sq ft in Q2 2011 after falling to 7.1m sq ft in Q1, down from a three-year high of 10m sq ft in Q4 2010. Headline take-up figures for 2011 will be as much as 20% down on 2010. | ||
| 590 | _aKA | ||
| 651 | 4 |
_aUnited Kingdom _y |
|
| 690 | _aPROPERTY-COMMERCIAL PROPERTY-COMMERCIAL PROPERTY MARKET | ||
| 942 | _n0 | ||
| 999 |
_c83364 _d83364 |
||